Test de inteligencia para niños de Wechsler. WISC III: manual de administración y puntuación, normas de estandarización chilena

Đã lưu trong:
Chi tiết về thư mục
Tác giả chính: Ramírez Ceballos, Valeria (autora)
Tác giả khác: Rosas Díaz, Ricardo (autor)
Định dạng: Sách
Ngôn ngữ:Tiếng Tây Ban Nha
Được phát hành: Santiago, Chile: Ediciones Universidad Católica de Chile: 2007.
Phiên bản:Primera edición.
Loạt:Aprendizaje.
Những chủ đề:
Các nhãn: Thêm thẻ
Không có thẻ, Là người đầu tiên thẻ bản ghi này!

MARC

LEADER 00000nam a2200000 a 4500
001 UCI7658
003 CL-VaPUC
005 20250106172643.0
008 080718e20070000CL |||||||||||||||||spa|d
999 |c 330853  |d 330851 
020 |a 9789561409248 
040 |c Pontificia Universidad Católica de Valparaíso 
082 0 4 |a 153.93 RAM 2007  |2 21 
100 |a Ramírez Ceballos, Valeria  |e autora  |9 530922 
245 1 0 |a Test de inteligencia para niños de Wechsler. WISC III: manual de administración y puntuación, normas de estandarización chilena 
250 |a Primera edición.  
260 |a Santiago, Chile:  |b Ediciones Universidad Católica de Chile:  |c 2007. 
300 |a 179 páginas. 
490 0 |a Aprendizaje. 
500 |a c.4 donación memo de Biblioteca de Educación 14 de agosto de 2024. 
583 |a last modification  |c 20080718 00:00:00  |k Rodrigo Vera 
650 0 |a Test de inteligencia para niños  |9 530924 
650 0 |a Test de Wechsler  |2 CL-VaPUC  |9 530925 
700 0 |a Rosas Díaz, Ricardo  |e autor  |9 530923 
942 |c BK  |2 ddc 
945 |d 20080718 00:00:00  |a rbrito 
952 |0 0  |1 0  |4 0  |6 153_930000000000000_RAM_2007  |7 0  |8 R  |9 416747  |a BIBEDU  |b BIBEDU  |c MCIRC  |d 2019-11-22  |i 4459075  |o 153.93 RAM 2007  |p 4459075  |r 2023-01-13  |w 2019-11-22  |y BK_R  |k PSI 
952 |0 0  |1 0  |4 0  |6 153_930000000000000_RAM_2007  |7 0  |8 R  |9 416748  |a BIBEDU  |b BIBEDU  |c MCIRC  |d 2019-11-22  |i 4515692  |o 153.93 RAM 2007  |p 4515692  |r 2023-01-13  |w 2019-11-22  |y BK_R  |k PSI 
952 |0 0  |1 0  |4 0  |6 153_930000000000000_RAM_2007  |7 0  |8 R  |9 416749  |a BIBEDU  |b BIBEDU  |c MCIRC  |d 2019-11-22  |i 4515706  |o 153.93 RAM 2007  |p 4515706  |r 2023-01-13  |w 2019-11-22  |y BK_R  |k PSI 
952 |0 0  |1 0  |2 ddc  |4 0  |6 153_938300000000000_RAM_2007  |7 0  |8 A  |9 596335  |a BIBEDU  |b BIBEDU  |c MCIRC  |d 2024-08-22  |e Donación  |i 5662450  |o 153.9383 RAM 2007  |p 5662450  |r 2024-08-22  |t 4  |w 2024-08-22  |y BK_R  |k PSI